Introduction to modern dynamics : chaos, networks, space and time (Record no. 15578)

MARC details
000 -LEADER
fixed length control field 00565 am a2200205 a 4500
001 - CONTROL NUMBER
control field 152823
003 - CONTROL NUMBER IDENTIFIER
control field OSt
005 - DATE AND TIME OF LATEST TRANSACTION
control field 20220216172331.0
008 - FIXED-LENGTH DATA ELEMENTS--GENERAL INFORMATION
fixed length control field 60317 ###
020 ## - INTERNATIONAL STANDARD BOOK NUMBER
International Standard Book Number 9780199657049
082 ## - DEWEY DECIMAL CLASSIFICATION NUMBER
Classification number 531.11
Item number N72I
100 1# - MAIN ENTRY--PERSONAL NAME
Personal name Nolte, David D.
245 1# - TITLE STATEMENT
Title Introduction to modern dynamics : chaos, networks, space and time
Statement of responsibility, etc by David D. Nolte
260 ## - PUBLICATION, DISTRIBUTION, ETC. (IMPRINT)
Place of publication, distribution, etc Oxford
Name of publisher, distributor, etc Oxford University Press
Date of publication, distribution, etc 2015
300 ## - PHYSICAL DESCRIPTION
Extent 423p.
653 ## - INDEX TERM--UNCONTROLLED
Uncontrolled term Physics
653 ## - INDEX TERM--UNCONTROLLED
Uncontrolled term Dynamics; Motion
653 ## - INDEX TERM--UNCONTROLLED
Uncontrolled term Chaotic behavior in systems
942 ## - ADDED ENTRY ELEMENTS (KOHA)
Source of classification or shelving scheme Dewey Decimal Classification
Koha item type Books
Holdings
Withdrawn status Lost status Source of classification or shelving scheme Damaged status Not for loan Collection code Home library Current library Date acquired Source of acquisition Full call number Barcode Date last seen Price effective from Koha item type
    Dewey Decimal Classification     General Text Book Central University Of Rajasthan Central University Of Rajasthan 25/02/2016 PHY 531.11 N72I 26767 21/11/2024 02/09/2020 Books